Classifica Marcatori Crotone All-Time - Statistics

Statistiche generali
  • Questo quiz è stato fatto 16 volte
  • Il punteggio medio è 3 su 10
Statistiche sulle risposte
Gol Nazione Calciatore % Corretto
66 Nigeria Simy
100%
27 Croazia Ante Budimir
44%
54 Italia Andrea Deflorio
31%
27 Brasile Denilson Gabionetta
25%
26 Italia Guido Gomez
19%
30 Brasile Caetano Calil
13%
26 Italia / Germania Sandro Porchia
13%
25 Italia Alessandro Ambrosi
6%
30 Italia Camillo Ciano
6%
26 Italia Fedele Gualandri
0%
Nessun quiz corrispondente trovato
Distribuzione punteggi
Percentuale di utenti per punteggio
Percentile per numero di risposta
I tuoi punteggi nel tempo
Non hai fatto questo quiz